000 00873nam a2200253 i 4500
003 DO-SdBNP
005 20251113123638.0
007 ta
008 241014s1985 dr a 000 0 spa d
040 _aDO-SdBNP
_bspa
_cBNPHU
_erda
041 _aspa
082 4 _axxx
_bM516m
_222
100 1 _a Mejía-Ricart G., Tirso,
_d1936-2021
_eautor
_4aut.
_q(Mejía-Ricart Guzmán)
_91569
245 1 0 _aManual de propaganda política /
_cTirso Mejia Ricart G.
264 1 _aSanto Domingo, República Dominicana :
_bFundación Mejia Ricart - Guzmán Boom,
_bEditora El mundo,
_c1985.
300 _a47 páginas
_bilustraciones
_c22 cm.
336 _atexto
_btxt
_2rdacontent
337 _asin mediación
_bn
_2rdamedia
338 _avolumen
_bnc
_2rdacarrier
490 0 _aColección Textos básicos
_v3
590 _aInventariado, 2024/ YL
910 _aYLockward
942 _2ddc
_cLF2
999 _c57835
_d57835